1817 1246 1120 1222 1051 1474 1022 1519 1798 1298 1569 1172 1281 1671 1936 1573 1711 1382 1602 1621 1171 1143 1471 1816 1534 1813 1577 1276 1656 1389 1535 1342 1782 1077 1328 1036 1794 1695 1843 1534 1625 1478 1331 1058 1702 1578 1409 1483 1645 1574 1260 1473 1791 1320 1678 1010 1200 1504 1244 1519 1010 1183 1017 1611 1228 1635 1796 1543 1275 1220 1717 1256 1720 1449 1324 1910 1064 1756 1760 1744 1551 1476 1486 1934 1882 1715 1385 1514 1732 1068 1931 1391 1070 1076 1513 1818 1198 1411 1311 BCNSPRNW ULIB Ver.6.0+V

เปลี่ยนเป็นภาษาไทย

Change to English
 แสดงรายละเอียดบรรณานุกรม
  กลับหน้าหลัก

Brief Record : Get Marc (ISO 2709) : E-mail record : QR code < ปิดหน้าต่าง
LEADER : 00000nam 2200000uu 4500
001    13399110160
003     ULIB
008    110425s2553||||th 000 0 tha d
020    9786161103934
060  4 WX215^bl882น 2553
100 0  สุวิภา นิตยากูร, สุนทรี อภิญญานนท์ และกนกวรรณ พึ่งรัศมี,ผู้เรียบเรียง
245 00 แนวทางการพัฒนาระบบการส่งต่อผู้ป่วย=^n Guidelines of referral system development./^cสุวิภา นิตยากูร, สุนทรี อภิญญานนท์ และกนกวรรณ พึ่งรัศมี,ผู้เรียบเรียง
260    นนทบุรี:^bสำนักบริหารการสาธารณสุข สำนักงานปลัดกระทรวงสาธารณสุข,^c2553
300    152 หน้า:^bภาพประกอบ
650  7 ระบบการส่งต่อผู้ป่วย
650  7 Referral System
700 0  สุนทรี อภิญญานนท์
700 0  กนกวรรณ พึ่งรัศมี
945    ^p0^l0^i030003
945    ^p0^l0^i030001
945    ^p0^l0^i030002
995    เกษร
999 ^a ใช้งานได้ทุกระบบ
รายการนี้ยังไม่มีแท็ก
คุณยังไม่ได้ล็อกอิน คุณสามารถมีกิจกรรมร่วมกับเว็บไซต์ได้ แต่ต้องล็อกอินก่อน ::
  ล็อกอิน

รายการสื่อสารสนเทศ

ลำดับที่ ประเภท เลขเรียก/บาร์โค้ด สถานที่ สถานะ
1. วิทยาศาสตร์การแพทย์ และสุขภาพ
หนังสือสำรอง
สถานะ=หนังสือสำรอง
WX215 l882น 2553 ฉ.1 
  Barcode: 030001
ห้องสมุดวิทยาเขตสวรรค์ประชารักษ์
►ส่วนจัดเก็บหนังสือเก่า สปร
บนชั้น
  ขอยืม
2. วิทยาศาสตร์การแพทย์ และสุขภาพ
วิทยาศาสตร์การแพทย์ และสุขภาพ
WX215 l882น 2553 ฉ.2 
  Barcode: 030002
ห้องสมุดวิทยาเขตสวรรค์ประชารักษ์
►ส่วนจัดเก็บหนังสือเก่า สปร
บนชั้น
  ขอยืม
3. วิทยาศาสตร์การแพทย์ และสุขภาพ
วิทยาศาสตร์การแพทย์ และสุขภาพ
WX215 l882น 2553 ฉ.3 
  Barcode: 030003
ห้องสมุดวิทยาเขตสวรรค์ประชารักษ์
►ส่วนจัดเก็บหนังสือเก่า สปร
บนชั้น
  ขอยืม

BibComment


ยังไม่เคยถูกคอมเมนท์

คอมเมนท์ทรัพยากรรายการนี้
  คอมเมนท์: แนวทางการพัฒนาระบ..


 Copyright 2026. Bcnsprnw @Library